[Event "EU-Cup 03rd round of 32"]
[Site "Nordre"]
[Date "1980.??.??"]
[Round "1.2"]
[White "Van der Vliet, Fredrik"]
[Black "Rosenlund, Thorbjorn"]
[Result "0-1"]
[WhiteElo "2380"]
[BlackElo "2300"]
[PlyCount "94"]
[EventDate "1980.??.??"]
[EventType "team-match"]
[EventRounds "2"]
[EventCountry "DEN"]
[SourceTitle "EXT 2020"]
[Source "ChessBase"]
[SourceDate "2019.10.17"]
[SourceVersion "1"]
[SourceVersionDate "2019.10.17"]
[SourceQuality "1"]
[WhiteTeam "Rotterdam Volmac"]
[BlackTeam "Nordre"]
[WhiteTeamCountry "NED"]
[BlackTeamCountry "DEN"]

1. d4 d5 2. c4 e6 3. Nf3 c6 4. Qc2 Nf6 5. g3 Be7 6. Bg2 0-0 7. 0-0 b5 8. c5 Ne4 9. b3 Nd7 10. Bb2 f5 11. Ne1 Bg5 12. Nd3 a5 13. e3 h5 14. Qe2 b4 15. f3 Ba6 16. Rd1 h4 17. Qe1 hxg3 18. hxg3 Bxd3 19. Rxd3 Nef6 20. a3 Qb8 21. Nd2 e5 22. dxe5 Nxc5 23. Rd4 Nfd7 24. f4 Be7 25. g4 Ne6 26. gxf5 Nxd4 27. Bxd4 Bc5 28. f6 Bxd4 29. exd4 Nxf6 30. exf6 Rxf6 31. Qe5 bxa3 32. Rxa3 Qf8 33. Ra2 Re8 34. Qh5 Rxf4 35. Nf3 Rf5 36. Qh3 Re3 37. Kf2 Rxb3 38. Rxa5 Rb2+ 39. Kg1 Rb3 40. Kf2 Rb2+ 41. Kg1 Rf6 42. Qg4 Rb1+ 43. Kh2 Rb3 44. Ng1 Qb8+ 45. Kh1 Rg3 46. Qd7 Rfg6 47. Ra2 Rh6+ 0-1